Normal view
MARC view
- جرائم الأموال -- القانون الجنائي -- الأردن -- قانون العقوبات -- الأردن -- الأموال -- قوانين وتشريعات -- الأردن
Entry Topical Term
001 - CONTROL NUMBER
- control field: 25235
003 - CONTROL NUMBER IDENTIFIER
- control field: JO-AjAnu
005 - DATE AND TIME OF LATEST TRANSACTION
- control field: 20230606074320.0
008 - FIXED-LENGTH DATA ELEMENTS
- fixed length control field: 230606|| aca||aabn | a|a d
040 ## - CATALOGING SOURCE
- Original cataloging agency: JO-AjAnu
- Transcribing agency: JO-AjAnu
150 ## - HEADING--TOPICAL TERM
- Topical term or geographic name entry element: جرائم الأموال -- القانون الجنائي -- الأردن -- قانون العقوبات -- الأردن -- الأموال -- قوانين وتشريعات -- الأردن
670 ## - SOURCE DATA FOUND
- Source citation: Work cat.: (JO-AjAnu)12979: الجبور، محمد عودة, author 25234, الجرائم الواقعة على الأموال في قانون العقوبات الأردني : دراسة مقارنة